000 00562nam a2200181Ia 4500
008 090123s9999 xx 000 0 und d
082 _b12925
_a891.463/खोत
100 _aखोत चंद्रकांत
245 _aविषयान्तर
250 _a1
260 _bअनुपम प्रकाशन
_c1974
300 _a123
600 _aखोत चंद्रकांत
630 _aविषयान्तर
700 _aखोत चंद्रकांत
730 _aविषयान्तर
942 _cBOOK
999 _c50988
_d50988